[Event "December 1800+"]
[Site "SchemingMind.com"]
[Date "2016.01.10"]
[Round "-"]
[White "David Perna-Fraser"]
[Black "DHall"]
[Result "1/2-1/2"]
[WhiteCountry "CAN"]
[BlackCountry "ENG"]
[WhiteElo "2330"]
[WhiteRD "64"]
[BlackElo "2241"]
[BlackRD "65"]
[GameID "393573"]

1. e4 d5 2. exd5 Qxd5 3. Nc3 Qd6 4. Nf3 Nf6 5. d4 c6 6. g3 Bg4 7. Bf4 Qe6+ 8. Be3 Qf5 9. Bg2 e6 10. a3 Bh5
11. h3 Bg6 12. Rc1 Qa5 13. O-O Nbd7 14. Bf4 Be7 15. Re1 O-O 16. Nh4 Bh5 17. g4 Bg6 18. Nxg6 hxg6 19. Ne2 Nb6 20. Qd3 Rad8
21. Bd2 Qa4 22. b3 Qxa3 23. Ra1 Qd6 24. Rxa7 Qb8 25. Rea1 Rd7 26. R7a5 Bd6 27. c4 Bc7 28. Qc2 Qd8 29. Bc3 Nc8 30. Ra8 Qe7
31. Re1 Rfd8 32. Ng3 Bf4 33. Raa1 Bc7 34. g5 Ne8 35. Ne4 Bb6 36. c5 Bc7 37. h4 Bf4 38. Nd2 Nc7 39. Nf3 Nb5 40. Bb2 Rd5
41. Bf1 Bc7 42. Bd3 Qf8 43. Qe2 Ne7 44. Bxb5 cxb5 45. Qxb5 b6 46. Ba3 Rf5 47. Kg2 bxc5 48. Bxc5 Bd6 49. b4 Rf4 50. Bxd6 Rxd6
51. Qb7 Rd8 52. Qc7 Nd5 53. Qc5 Nxb4 54. Qxf8+=
1/2-1/2

[Event "December 1800+"]
[Site "SchemingMind.com"]
[Date "2016.01.12"]
[Round "-"]
[White "David Perna-Fraser"]
[Black "flyinduck"]
[Result "1-0"]
[WhiteCountry "CAN"]
[BlackCountry "CAN"]
[WhiteElo "2344"]
[WhiteRD "61"]
[BlackElo "2050"]
[BlackRD "53"]
[GameID "393574"]

1. e4 c5 2. Nf3 Nc6 3. d4 cxd4 4. Nxd4 Nf6 5. Nc3 e5 6. Ndb5 d6 7. Bg5 a6 8. Na3 b5 9. Nd5 Be7 10. Bxf6 Bxf6
11. c4 b4 12. Nc2 a5 13. Be2 O-O 14. O-O Bg5 15. b3 g6 16. Qd3 Be6 17. Nce3 f5 18. exf5 gxf5 19. f4 e4 20. Qd2 Bh6
21. g4 Bg7 22. gxf5 Bxf5 23. Nxf5 Rxf5 24. Bg4 Rf8 25. Rae1 Qe8 26. Nc7 Qg6 27. Qg2 Ra7 28. Ne6 Re8 29. f5
1-0

[Event "December 1800+"]
[Site "SchemingMind.com"]
[Date "2016.01.12"]
[Round "-"]
[White "flyinduck"]
[Black "David Perna-Fraser"]
[Result "0-1"]
[WhiteCountry "CAN"]
[BlackCountry "CAN"]
[WhiteElo "2050"]
[WhiteRD "53"]
[BlackElo "2344"]
[BlackRD "61"]
[GameID "393575"]

1. d4 Nf6 2. c4 e6 3. Nc3 Bb4 4. e3 b6 5. Ne2 Bb7 6. a3 Bxc3+ 7. Nxc3 O-O 8. f3 d6 9. Bd3 e5 10. O-O Nbd7
11. Bd2 Re8 12. Qc2 Qe7 13. Rae1 e4 14. fxe4 Nxe4 15. Nxe4 Bxe4 16. Rf4 Nf6 17. Ref1 Bg6 18. Bxg6 hxg6 19. c5 dxc5 20. dxc5 Rad8
21. cxb6 cxb6 22. Kh1 Rd5 23. Bc3 Qxe3 24. g3 Qe2 25. Qxe2 Rxe2 26. Rc4 Rh5 27. Kg1 Rhxh2 28. Rxf6 gxf6 29. Bxf6 Kh7
0-1

[Event "December 1800+"]
[Site "SchemingMind.com"]
[Date "2016.01.17"]
[Round "-"]
[White "miriskra"]
[Black "Kent"]
[Result "0-1"]
[WhiteCountry "WLS"]
[BlackCountry "USA"]
[WhiteElo "1676"]
[WhiteRD "63"]
[BlackElo "2290"]
[BlackRD "78"]
[GameID "393917"]

1. d4 Nf6 2. c4 c6 3. Nc3 d5 4. e3 e6 5. Nf3 Nbd7 6. Bd3 dxc4 7. Bxc4 b5 8. Bd3 Bb7 9. O-O a6 10. Qe2 c5
11. dxc5 Nxc5 12. Bc2 Qc7 13. Re1 Nce4 14. Nxe4 Nxe4 15. Bxe4 Bxe4 16. Nd2 Bb7 17. Nb3 Bd6 18. h3 O-O 19. Bd2 Rac8 20. Rac1 Qe7
21. Rxc8 Rxc8 22. Rc1 Rxc1+ 23. Nxc1 h6 24. f3 Qc7 25. Nb3 Qc2 26. Na5 Bd5 27. Kf2 Qxb2 28. Nb3 Qxa2 29. Nc1 Qa4 30. Qd3 Qh4+
31. Ke2 Bc4
0-1

[Event "December 1800+"]
[Site "SchemingMind.com"]
[Date "2016.01.17"]
[Round "-"]
[White "Kent"]
[Black "miriskra"]
[Result "1-0"]
[WhiteCountry "USA"]
[BlackCountry "WLS"]
[WhiteElo "2288"]
[WhiteRD "72"]
[BlackElo "1825"]
[BlackRD "77"]
[GameID "393918"]

1. d4 d5 2. Bg5 Qd6 3. Nc3 Nf6 4. Bxf6 gxf6 5. e3 c6 6. Nf3 Bg7 7. Be2 O-O 8. O-O f5 9. Bd3 e6 10. Ne2 b6
11. c4 dxc4 12. Bxc4 Ba6 13. Rc1 Bxc4 14. Rxc4 Nd7 15. Qc2 c5 16. Rd1 Qb8 17. Nf4 cxd4 18. Nxd4 Nc5 19. b4 Ne4 20. Ndxe6 fxe6
21. Nxe6 Be5 22. f4 Bf6 23. Nxf8 Qxf8 24. Rc7 Qxb4 25. Qc6 Rf8 26. Qe6+ Kh8 27. Qd7 Be7 28. Qxe7 Qxe7 29. Rxe7 Nc5 30. Rxa7
1-0

[Event "December 1800+"]
[Site "SchemingMind.com"]
[Date "2016.01.17"]
[Round "-"]
[White "miriskra"]
[Black "Stephen Woodhouse"]
[Result "0-1"]
[WhiteCountry "WLS"]
[BlackCountry "ENG"]
[WhiteElo "1834"]
[WhiteRD "67"]
[BlackElo "1805"]
[BlackRD "50"]
[GameID "393919"]

1. d4 e6 2. c4 d5 3. Nc3 c5 4. e3 Nf6 5. Nf3 Nc6 6. a3 cxd4 7. exd4 Be7 8. Bf4 O-O 9. c5 b6 10. b4 bxc5
11. dxc5 Re8 12. Bb5 Bd7 13. O-O a6 14. Bxc6 Bxc6 15. Re1 Qd7 16. Ne5 Qb7 17. Rb1 Nd7 18. Qg4 Bf6 19. Qg3 Nxe5 20. Bxe5 Bxe5
21. Rxe5 f6 22. Rh5 e5 23. Qh3 g6 24. Rh4 d4 25. Ne2 Rad8 26. f4 e4 27. Ng3 e3 28. f5 e2 29. Kf2 Qe7
0-1

[Event "December 1800+"]
[Site "SchemingMind.com"]
[Date "2016.01.17"]
[Round "-"]
[White "Stephen Woodhouse"]
[Black "miriskra"]
[Result "1-0"]
[WhiteCountry "ENG"]
[BlackCountry "WLS"]
[WhiteElo "1805"]
[WhiteRD "50"]
[BlackElo "1834"]
[BlackRD "67"]
[GameID "393920"]

1. e4 c5 2. c3 e6 3. d4 d5 4. exd5 exd5 5. Nf3 Nc6 6. Bb5 Nf6 7. O-O cxd4 8. Nxd4 Bd7 9. Re1+ Be7 10. Be3 O-O
11. Nxc6 bxc6 12. Bd3 c5 13. Nd2 Re8 14. Nf3 Qc7 15. Bg5 Rad8 16. Bc2 Bc6 17. Qd3 g6 18. Ne5 Bb7 19. Rad1 d4 20. Bb3 Nd5
21. Bxe7 Rxe7 22. cxd4 Nb4 23. Qc4 Ba6 24. Qxc5 Qxc5 25. dxc5 Rxd1 26. Bxd1 f6 27. Bb3+ Kg7 28. Nf3 Rc7 29. Nd4 Bc8 30. c6 Nd3
31. Re3 Nxb2 32. Rc3 a6 33. Kf1
1-0

[Event "December 1800+"]
[Site "SchemingMind.com"]
[Date "2016.01.17"]
[Round "-"]
[White "miriskra"]
[Black "frankly"]
[Result "0-1"]
[WhiteCountry "WLS"]
[BlackCountry "ENG"]
[WhiteElo "1834"]
[WhiteRD "67"]
[BlackElo "2449"]
[BlackRD "55"]
[GameID "393921"]

1. d4 Nf6 2. c4 e6 3. Nf3 b6 4. a3 Bb7 5. Nc3 d5 6. Bg5 Be7 7. e3 O-O 8. Rc1 Nbd7 9. cxd5 exd5 10. Bd3 c5
11. O-O Ne4 12. Bxe7 Qxe7 13. dxc5 bxc5 14. Bxe4 dxe4 15. Nd2 Rad8 16. Qc2 Ne5 17. Ncxe4 Nd3 18. f3 Nxc1 19. Rxc1 f5 20. Nf2 Qxe3
21. Nc4 Qh6 22. Ne5 Rfe8
0-1

[Event "December 1800+"]
[Site "SchemingMind.com"]
[Date "2016.01.17"]
[Round "-"]
[White "frankly"]
[Black "miriskra"]
[Result "1-0"]
[WhiteCountry "ENG"]
[BlackCountry "WLS"]
[WhiteElo "2443"]
[WhiteRD "54"]
[BlackElo "1806"]
[BlackRD "70"]
[GameID "393922"]

1. d4 d5 2. Nf3 Nf6 3. c4 c6 4. Nc3 e6 5. Bg5 Nbd7 6. e3 Be7 7. Qc2 O-O 8. Rd1 b6 9. Bd3 Bb7 10. O-O Re8
11. Bf4 h6 12. cxd5 exd5 13. h3 a6 14. Bf5 Nf8 15. Na4 Ne6 16. Bxe6 fxe6 17. Qg6 Ne4 18. Ne5 Bf6 19. Qf7+ Kh7 20. Qxb7
1-0

[Event "December 1800+"]
[Site "SchemingMind.com"]
[Date "2016.01.17"]
[Round "-"]
[White "miriskra"]
[Black "DHall"]
[Result "1/2-1/2"]
[WhiteCountry "WLS"]
[BlackCountry "ENG"]
[WhiteElo "1834"]
[WhiteRD "67"]
[BlackElo "2186"]
[BlackRD "69"]
[GameID "393923"]

1. d4 Nf6 2. c4 e5 3. dxe5 Ng4 4. Nf3 Nc6 5. e3 Ngxe5 6. Nbd2 d6 7. Be2 Be7 8. O-O O-O 9. Nxe5 Nxe5 10. b3 Be6
11. Bb2 Bf6 12. Qc2 Nd7 13. Rad1 Bxb2 14. Qxb2 Qf6 15. Qxf6 Nxf6 16. Bf3 Rab8 17. Ne4 Nxe4 18. Bxe4 Rfe8 19. Bf3 b6 20. Bc6 Re7
21. h3 Bd7 22. Bxd7 Rxd7 23. b4 Re7 24. Rd4 f6 25. Rfd1=
1/2-1/2

[Event "December 1800+"]
[Site "SchemingMind.com"]
[Date "2016.01.17"]
[Round "-"]
[White "DHall"]
[Black "miriskra"]
[Result "1-0"]
[WhiteCountry "ENG"]
[BlackCountry "WLS"]
[WhiteElo "2186"]
[WhiteRD "69"]
[BlackElo "1834"]
[BlackRD "67"]
[GameID "393924"]

1. e4 c6 2. d4 d5 3. e5 c5 4. Bb5+ Bd7 5. Bxd7+ Nxd7 6. Nf3 e6 7. c3 cxd4 8. cxd4 Bb4+ 9. Bd2 Bxd2+ 10. Nbxd2 Ne7
11. O-O O-O 12. Rc1 Nc6 13. Nb3 f6 14. exf6 Rxf6 15. Re1 Rh6 16. Rc3 Kh8 17. Rce3 Nf8 18. Nc5 Qc8 19. Ng5
1-0

[Event "December 1800+"]
[Site "SchemingMind.com"]
[Date "2016.01.17"]
[Round "-"]
[White "miriskra"]
[Black "David Perna-Fraser"]
[Result "0-1"]
[WhiteCountry "WLS"]
[BlackCountry "CAN"]
[WhiteElo "1825"]
[WhiteRD "77"]
[BlackElo "2334"]
[BlackRD "67"]
[GameID "393925"]

1. d4 Nf6 2. c4 e6 3. Nf3 Bb4+ 4. Bd2 Bxd2+ 5. Qxd2 b6 6. Nc3 Bb7 7. g3 d6 8. Bg2 O-O 9. O-O Ne4 10. Qc2 Nxc3
11. Qxc3 Nd7 12. Rad1 f5 13. h4 Nf6 14. Nd2 Bxg2 15. Kxg2 f4 16. Nf3 Qe8 17. Qd3 h6 18. Rh1 fxg3 19. fxg3 Qh5 20. Rdf1 Rae8
21. Nh2 e5 22. Rf5 e4 23. Rxh5 exd3 24. Rf5 Rxe2+ 25. Rf2 Rxf2+ 26. Kxf2 Ne4+ 27. Ke3 Nxg3 28. Rg1 Nf5+ 29. Kxd3 Nxh4 30. Rg4 Nf3
0-1

[Event "December 1800+"]
[Site "SchemingMind.com"]
[Date "2016.01.17"]
[Round "-"]
[White "David Perna-Fraser"]
[Black "miriskra"]
[Result "1-0"]
[WhiteCountry "CAN"]
[BlackCountry "WLS"]
[WhiteElo "2334"]
[WhiteRD "67"]
[BlackElo "1825"]
[BlackRD "77"]
[GameID "393926"]

1. e4 c5 2. Nf3 Nc6 3. d4 cxd4 4. Nxd4 e5 5. Nb5 d6 6. N1c3 a6 7. Na3 Nf6 8. Bg5 Be6 9. Nc4 b5 10. Ne3 Be7
11. Bxf6 Bxf6 12. Ncd5 Bg5 13. Be2 Nd4 14. Bd3 O-O 15. O-O Bxe3 16. Nxe3 d5 17. exd5 Bxd5 18. c3 e4 19. Bb1 Nf3+ 20. gxf3 Qg5+
21. Kh1 Rad8 22. Rg1 Qh5 23. f4 Qf3+ 24. Qxf3 exf3 25. Nxd5 Rxd5 26. Be4 Rd2 27. Rab1 Rxf2 28. Rgf1 Re2 29. Bxf3 Rc2 30. Rfe1 Rd8
31. Rbd1 Rf8 32. Re2 Rxe2 33. Bxe2
1-0

[Event "December 1800+"]
[Site "SchemingMind.com"]
[Date "2016.01.18"]
[Round "-"]
[White "miriskra"]
[Black "flyinduck"]
[Result "0-1"]
[WhiteCountry "WLS"]
[BlackCountry "CAN"]
[WhiteElo "1676"]
[WhiteRD "63"]
[BlackElo "2135"]
[BlackRD "56"]
[GameID "393927"]

1. d4 Nf6 2. c4 e6 3. Nc3 c5 4. d5 exd5 5. cxd5 d6 6. e4 g6 7. Nf3 Bg7 8. Be2 O-O 9. O-O a6 10. a4 Bg4
11. Nd2 Bxe2 12. Qxe2 Nbd7 13. Nc4 Nb6 14. a5 Nxc4 15. Qxc4 Qe7 16. Bg5 h6 17. Bh4 g5 18. Bg3 Nh5 19. Qe2 Nxg3 20. hxg3 Rae8
21. Qd3 Bxc3 22. bxc3 Qxe4 23. Qxe4 Rxe4 24. Rfb1 Re7 25. Rb6 Rd8 26. Rab1 Rdd7 27. g4 Kf8 28. f3 c4 29. R1b4 Re1+ 30. Kf2 Ra1
31. Rxc4 Rxa5
0-1

[Event "December 1800+"]
[Site "SchemingMind.com"]
[Date "2016.01.18"]
[Round "-"]
[White "flyinduck"]
[Black "miriskra"]
[Result "1-0"]
[WhiteCountry "CAN"]
[BlackCountry "WLS"]
[WhiteElo "2135"]
[WhiteRD "56"]
[BlackElo "1676"]
[BlackRD "63"]
[GameID "393928"]

1. d4 Nf6 2. c4 g6 3. Nc3 d5 4. cxd5 Nxd5 5. e4 Nxc3 6. bxc3 Bg7 7. Be3 O-O 8. Qd2 c5 9. Nf3 cxd4 10. cxd4 Bg4
11. Be2 Nc6 12. Rd1 Qa5 13. Qxa5 Nxa5 14. O-O Rac8 15. Rc1 Bxf3 16. gxf3 Nc6 17. Rfd1 e5 18. d5 Nd4 19. Kf1 Rfd8 20. Bxd4 exd4
21. f4 b6 22. Ba6 Rxc1 23. Rxc1 Bh6 24. Rc7 Bxf4 25. Rxa7 Bd6 26. h3 f5 27. exf5 gxf5 28. Bd3 Rf8 29. Rd7 Bc5 30. Kg2 Rf7
31. Rxf7 Kxf7 32. Bxf5
1-0